Welcome to the Holygrace Academy Library

Please use search bar below to get started

RAAVAN ENEMY OF ARYAVARTA (Record no. 2544)

MARC details
000 -LEADER
fixed length control field 00562nam a22001457a 4500
020 ## - INTERNATIONAL STANDARD BOOK NUMBER
ISBN 9789388754088
082 ## - DEWEY DECIMAL CLASSIFICATION NUMBER
Classification number 823AMI/R
100 ## - MAIN ENTRY--AUTHOR NAME
Personal name AMISH TRIPATHI
245 ## - TITLE STATEMENT
Title RAAVAN ENEMY OF ARYAVARTA
Remainder of title RAM CHANDRA SERIES BOOK 3
260 ## - PUBLICATION, DISTRIBUTION, ETC. (IMPRINT)
Place of publication CHENNAI
Name of publisher WESTLAND PUBLICATIONS
300 ## - PHYSICAL DESCRIPTION
Number of Pages 374
520 ## - SUMMARY, ETC.
Summary, etc Enemy of Aryavarta, as the title suggests, tells the King of Lanka- Raavan's story from when he was born till the time he kidnaps Sita. The story is set in 3400 BCE, India when the land is facing tumult, poverty and chaos.
650 ## - SUBJECT ADDED ENTRY--TOPICAL TERM
Topical Term NOVEL
Geographic subdivision INDIA
942 ## - ADDED ENTRY ELEMENTS (KOHA)
Koha item type Books
Holdings
Withdrawn status Lost status Collection code Home library Current library Shelving location Date acquired Source of acquisition Cost, normal purchase price Full call number Accession Number Koha item type
    Reference Main Library Main Library SHELF-14A -ALPHABETICAL -A--ENGLISH NOVELS & FICTIONS 28/10/2019 purchase 399.00 823AMI/R 11789 Books